000 00728nam a22002057a 4500
999 _c197361
_d197361
005 20230822143139.0
010 _aUR-12153
020 _a9789394616677
_c300.00
035 _aU-10708
037 _bDBAD/PUB
082 _a841
100 _aعارف حسن چان
245 _aمیر کا فن :
_bایک معروضی ، تجز یاتی مطالعہ /
_cعارف حسن چان
246 _aMeer ka fun: Eik Ma'roozi tajziyati mutal'a /
_bby Arif Hasan Khan
260 _aNew Delhi
_bEducational Publishing House
_c2022 ء
270 _aH.O. D1/16, Ansari Road, Darya Ganj
_bNew Delhi
_e110002
300 _a200 ص
_c23cm(Hb)
500 _aTazkira Sufia-e-Bihar
942 _2ddc
_cUR
_mع ا ر
_e
_h841